|
|
|
|
| LEADER |
00667nab a2200193 i 4500 |
| 001 |
tisza23372 |
| 005 |
20200330114731.0 |
| 008 |
161103s1951 hu o 0|| hun d |
| 022 |
|
|
|a 0133-1167
|
| 040 |
|
|
|a SZTE Tiszatáj Archívum
|b hun
|
| 041 |
|
|
|a hun
|
| 100 |
1 |
|
|a Papp Zoltán
|
| 245 |
1 |
0 |
|a Vörösmarty Mihály
|h [elektronikus dokumentum] :
|b Válogatott költeményei : [könyvismertetés] /
|c Papp Zoltán
|
| 260 |
|
|
|c 1951
|
| 300 |
|
|
|a 46-47
|
| 490 |
0 |
|
|a Tiszatáj
|v 5 No. 1
|
| 695 |
|
|
|a Magyar irodalom - vers - könyvismertetés
|
| 700 |
0 |
1 |
|a Vörösmarty Mihály
|
| 856 |
4 |
0 |
|u http://tiszataj.bibl.u-szeged.hu/23372/1/tiszataj_1951_001_046-047.pdf
|z Dokumentum-elérés
|